| 000 | 00436nam a2200181Ia 4500 | ||
|---|---|---|---|
| 001 | 9908 | ||
| 005 | 20260306161753.0 | ||
| 008 | 260306t2017||||xx |||||||||||||| ||spa|| | ||
| 041 | _aESP | ||
| 082 |
_a808.06665 _bG317 |
||
| 100 |
_aGarner, Bryan A. _eAUT |
||
| 245 | 0 | _aMejora tu escritura en el trabajo | |
| 260 | _c2017 | ||
| 300 |
_axviii, 174 páginas : _c23 cm. |
||
| 650 | _aGEN | ||
| 654 | _aCHU | ||
| 942 |
_cLIB _dJUS _fJUS _2ddc _n |
||
| 999 |
_c9908 _d9908 |
||